000 00690cam a2200241 4500
001 J62324
008 000000n1998 000 0 eng u
035 _a(Sirsi) u108583
041 _aeng
050 _a333.336
110 _aRichard Ellis
_91875
245 _aIndustrial quarterly property performance. - Spring 1998, Autumn 1998 & Winter 1998/99
260 _bRichard Ellis St. Quintin
_c1998
300 _a3 pt. ; 30cm.
350 _a0
650 _aINDUSTRIAL PROPERTY
650 _aRENTAL GROWTH
650 _aCAPITAL GROWTH
650 _aYIELDS
650 _aPROPERTY MARKET REPORTS
690 _aPROPERTY-COMMERCIAL PROPERTY-COMMERCIAL PROPERTY MARKET
942 _n0
999 _c100831
_d100831